000 00719nam a2200193 a 4500
003 0
005 20250225100938.0
008 111114s19uu xx 00 eng d
050 _aPGS LB 1131
_b.L477 2011
100 _aLee, Hee Wong (Paul).
245 _aSocial relationship and level of communication skills of SISC grade 6 students /
_cHee Woong (Paul) Lee.
260 _aLas PiƱas City, Philippines :
_bSouthville International School and Colleges,
_c2011.
300 _a18 pages :
_billustrations ;
_c28 cm.
504 _aIncludes bibliographical references.
650 _aCommunication skills.
650 _aInterpersonal relations
_vChildren.
650 _aElementary school students.
942 _2lcc
_cPASS
999 _c98597
_d98597